Statistiques concernant Focus sur: Alecto Carrow - Harry Potter

Cliquez ici pour prendre le quiz!

Statistiques générales

  • Ce quiz a été pris 158 fois
  • Le résultat moyen est 4 sur 5

Statistiques - réponses

Informations recherchéesRéponses% Correct
Lieu de rencontre avec Harry PotterTour d'astronomie de Poudlard
98%
Première apparitionHarry Potter et le Prince de Sang-Mêlé
97%
Profession (temporairement)Professeure d'étude des Moldus
95%
FrèreAmycus Carrow
89%
Actrice l'interprétant dans les filmsSuzie Toase
19%

Distribution des résultats

Percentile par nombre de réponses

% des personnes avec chaque résultat

Votre développement - résultats

Vous n’avez pas pris ce quiz